Normas para bibliotecas públicas (Registro nro. 1854)

Detalles MARC
000 -CABECERA
Longitud fija campo de control 00971nam a22002411 4500
001 - NÚMERO DE CONTROL
Número de control bimo0000847259
003 - IDENTIFICADOR DELl NÚMERO DE CONTROL
Identificador del número de control OSt
005 - FECHA Y HORA DE LA ÚLTIMA TRANSACCIÓN
Fecha y hora de la última transacción 20131109213003.0
008 - CÓDIGOS DE INFORMACIÓN DE LONGITUD FIJA
Códigos de información de longitud fija 900725s1974 esp spa
020 ## - NÚMERO INTERNACIONAL NORMALIZADO PARA LIBROS
Número Internacional Normalizado para Libros (ISBN) 84-500-6492-9
040 ## - FUENTE DE LA CATALOGACIÓN
Centro catalogador de origen SpMaBN
Lengua de catalogación spa
Centro transcriptor BMC
082 ## - NÚMERO DE LA CLASIFICACIÓN DECIMAL DEWEY
Númeroo de clasificación 027.4-0218
110 20 - PUNTO DE ACCESO PRINCIPAL-NOMBRE DE ENTIDAD CORPORATIVA
Nombre de entidad corporativa o nombre de jurisdicción como elemento inicial Federación Internacional de Asociaciones de Bibliotecarios
Unidad subordinada Sección de Bibliotecas Públicas
9 (RLIN) 3103
245 10 - MENCIÓN DE TÍTULO
Título Normas para bibliotecas públicas
Mención de responsabilidad, etc. Federación Internacional de Asociaciones de Bibliotecarios ; [versión española de Hipólito Escolar Sobrino y Luis García Ejarque]
260 0# - PUBLICACIÓN, DISTRIBUCIÓN, ETC. (PIE DE IMPRENTA)
Lugar de publicación, distribución, etc. Madrid
Nombre del editor, distribuidor, etc. Asociación Nacional de Bibliotecarios, Archiveros y Arqueólogos
Fecha de publicación, distribución, etc. 1974]
300 ## - DESCRIPCIÓN FÍSICA
Extensión 108 p.
Dimensiones 19 cm
490 0# - MENCIÓN DE SERIE
Mención de serie Biblioteca Profesional Anaba
Designación de volumen o secuencia 6
650 24 - PUNTO DE ACCESO ADICIONAL DE MATERIA - TÉRMINO DE MATERIA
9 (RLIN) 3949
Término de materia o nombre geográfico como elemento inicial Bibliotecas públicas
650 24 - PUNTO DE ACCESO ADICIONAL DE MATERIA - TÉRMINO DE MATERIA
9 (RLIN) 3102
Término de materia o nombre geográfico como elemento inicial Bibliotecas
Subdivisión de forma Normas
700 1# - PUNTO DE ACCESO ADICIONAL - NOMBRE DE PERSONA
Nombre de persona Escolar Sobrino, Hipólito
Fechas asociadas al nombre 1919-2009
9 (RLIN) 2141
700 1# - PUNTO DE ACCESO ADICIONAL - NOMBRE DE PERSONA
Nombre de persona García Ejarque, Luis
Fechas asociadas al nombre 1927-2000
9 (RLIN) 3104
942 ## - ENTRADA DE ELEMENTOS AGREGADOS (KOHA)
Fuente de clasificaión o esquema Dewey Decimal Classification
Koha [por defecto] tipo de item 1- Monografias
Existencias
Suprimido Perdido Fuente de clasificación o esquema Estropeado Restricciones de uso No para préstamo Código de colección Localización permanente Localización actual Localización en estanter&íacute;as Fecha adquisición Fuente de adquisición Número de inventario Préstamos totales Signatura completa Código de barras Fecha última consulta Coste, precio reemplazado Fecha del precio de reemplazo Tipo de item de Koha
NULL NULL Dewey Decimal Classification NULL Préstamo en Sala NULL NULL Biblioteca Miguel de Cervantes - UNICAES Biblioteca Miguel de Cervantes - UNICAES Sala Principal 29/07/2003 Donación - UNAV 002274   027.4 FED nor 1002274 12/08/2013 6.37 12/08/2013 1- Monografias